Bài giảng về giải tích hàm phi tuyến

Gorde:
Xehetasun bibliografikoak
Egile nagusia: Nirenbeng.Louis
Beste egile batzuk: Nguyễn Minh Chương (Dịch)
Formatua: Liburua
Argitaratua: H. Đại học và trung học chuyên nghiệp 1986
Gaiak:
Etiketak: Etiketa erantsi
Etiketarik gabe, Izan zaitez lehena erregistro honi etiketa jartzen!
Thư viện lưu trữ: Trung tâm Học liệu Lê Vũ Hùng, Trường Đại học Đồng Tháp
LEADER 00833pam a22002418a 4500
001 00021042
005 20171026081023.0
008 110521s1986 ||||||Viesd
041 0 # |a Vie 
082 1 4 |a 515  |b B103GI 
100 0 # |a Nirenbeng.Louis 
245 0 0 |a Bài giảng về giải tích hàm phi tuyến  |c Lousi.Nirenbeng; Nguyễn Minh Chương 
260 # # |a H.  |b Đại học và trung học chuyên nghiệp  |c 1986 
300 # # |a 316 tr.  |c 21 cm. 
500 # # |a Dịch từ bản tiếng Nga 
650 # 4 |a Giải tích hàm 
653 # # |a Bài giảng 
653 # # |a Tô pô 
700 0 # |e Dịch  |a Nguyễn Minh Chương 
852 # # |b Kho đọc  |j KD.0006723 
852 # # |j KD.0006723 
910 0 # |a Hoa Lê  |d 21/05/2011 
980 # # |a Trung tâm Học liệu Lê Vũ Hùng, Trường Đại học Đồng Tháp